UBT Library

Southern by the grace of God / (Record no. 993)

000 -LEADER
fixed length control field 00475nam a22001697a 4500
005 - DATE AND TIME OF LATEST TRANSACTION
control field 20151002102248.0
008 - FIXED-LENGTH DATA ELEMENTS--GENERAL INFORMATION
fixed length control field 150604b xxu||||| |||| 00| 0 eng d
020 0# - INTERNATIONAL STANDARD BOOK NUMBER
International Standard Book Number 0882897616
041 0# - LANGUAGE CODE
Language code of text/sound track or separate title eng
080 ## - UNIVERSAL DECIMAL CLASSIFICATION NUMBER
Universal Decimal Classification number 323.14
100 ## - Rafti
Rafti Grissom, Michael Andrew.
245 ## - TITLE STATEMENT
Title Southern by the grace of God /
Statement of responsibility, etc Michael Andrew Grissom.
260 ## -
-- Gretna, La. :
-- Pelican Pub. Co.,
-- 1989.
300 ## -
-- viii, 572 f. :
-- me il.;
-- 24 cm.
700 10 -
-- Michel Grissom
942 ## - ADDED ENTRY ELEMENTS (KOHA)
Source of classification or shelving scheme
Item type Books
Holdings
Withdrawn status Lost status Source of classification or shelving scheme Damaged status Not for loan Collection code Permanent location Current location Shelving location Date acquired Total Checkouts Full call number Barcode Date last seen Koha item type
          Koleksioni i përgjithshem UBT - Lipjan UBT - Lipjan Koleksioni i përgjithshem 06/04/2015   323.14 GRI 002-008474 06/04/2015 Books
UBT Library © 2015-2024. All rights reserved University Education for Business and Technology